000 01689nam a2200337 i 4500
003 DO-SdBNP
005 20240314095306.0
007 ta
008 240314s2012 dr o 000 j spa d
040 _aDO-SdBNP
_bspa
_cBNPHU
_erda
082 _bS211
_222
100 _aSánchez, Amaury
_911765
245 1 3 _aEl mago de Oz :
_b[programa de la obra] /
_cAmaury Sánchez ; producción ejecutiva Yanira Ferry : dirección Waddys Jáquez : coreografía Pablo Pérez : escenografía Omar Martí
264 1 _aSanto Domingo :
_b[Teatro Nacional],
_b[Gran Teatro Cibao],
_c2012.
300 _a[28] páginas,
_bfotografías
_c28 cm.
336 _2rdacontent
_atexto
_btxt
337 _2rdamedia
_asin mediación
_bn
338 _2rdacarrier
_avolumen
_bnc
500 _a5, 6, 7, 12, 13, 14 octubre del 2012 en el Teatro Nacional.
500 _a20, 21 de octubre 2012 en el Gran Teatro del Cibao.
500 _aPrograma con los nombres de los actores, bailarines y otros.
500 _aObra de teatro musical.
511 _aPersonajes/Actores: Dorothy - Ameris Cepeda, Tia Em - Cuché González Del Rey, Tio Henry - Miguel Lendor (Papachín), Zeke-León - Luis José Germán, Hickory-Hombre de Hojalata - Josué Guerrero, Hunk-Espantapajaros - Javier Grullón, Sra. Gultch-Bruja Del Norte - Carlota Carretero, Glinda-Hada - Hony Estrella, Profesor Marvel-Mago de Oz - Cuquín Victoria.
590 _aInventariado, 2024/ YL
700 1 _aFerry, Yanira
_eproducción ejecutiva
_985028
700 1 _aJáquez, Waddys
_edirección
_985029
700 1 _aPérez, Pablo
_ecoreografía
_985030
700 1 _aMartí, Omar
_eescenografía
_985031
910 _aYLockward
942 _2ddc
_cLF2
999 _c56098
_d56098